|
|
|
|
| LEADER |
02552njm a2200613 a 4500 |
| 001 |
000292966 |
| 003 |
CZ BrMZK |
| 005 |
20210524171608.0 |
| 008 |
010907s1983 gw f und d |
| 028 |
0 |
3 |
|a 410 599-2 AX2
|b Polydor
|
| 040 |
|
|
|a BOA001
|b cze
|
| 080 |
|
|
|a 785.1"17"(086.7)
|2 MRF
|
| 080 |
|
|
|a 785.1"18"(086.7)
|2 MRF
|
| 080 |
|
|
|a 788.7:785.6(086.7)
|2 MRF
|
| 245 |
0 |
4 |
|a Die frühe Wiener Schule :
|b Music der Frühklassik
|h [zvukový záznam]
|
| 246 |
3 |
3 |
|a Sinfonia C-dur
|
| 246 |
3 |
3 |
|a Sinfonia D-dur
|
| 246 |
3 |
3 |
|a Sinfonia H-dur
|
| 246 |
3 |
3 |
|a Sinfonia a-moll
|
| 246 |
3 |
3 |
|a Sinfonia g-moll
|
| 246 |
3 |
3 |
|a Divertimento C-dur
|
| 246 |
3 |
3 |
|a Konzert für Oboe und Orchester G-dur
|
| 246 |
3 |
3 |
|a Konzert für Violine und Orchester B-dur
|
| 246 |
3 |
3 |
|a Konzert für Violine, Oboe, Violoncello und Orchester D-dur
|
| 246 |
3 |
3 |
|a Quartettfuge C-dur
|
| 260 |
|
|
|a Hamburg :
|b Polydor,
|c p1983
|
| 300 |
|
|
|a 2 CD :
|b DDD ;
|c 12 cm +
|e 1 brožura (24 s.).
|
| 306 |
|
|
|a 011615
|a 011821
|
| 490 |
1 |
|
|a Deutsche Grammophon
|
| 500 |
|
|
|a Nahr. 1982, 1983
|
| 500 |
|
|
|a Durata 78:21, 76:15
|
| 500 |
|
|
|a Text v brož. vícejaz.
|
| 505 |
2 |
|
|a Sinfonia H-dur, Divertimento C-dur, Sinfonia a-moll ... [et al.]
|
| 511 |
0 |
|
|a Hainz Holliger, hoboj; Thomas Demenga, violoncello; Thomas Füri, housle. Camerata Bern, dir. Thomas Füri
|
| 653 |
0 |
|
|a houslové koncerty
|a klasicismus(hudeb.)
|a komorní orchestr
|a sinfonie
|a trojkoncerty
|
| 700 |
1 |
|
|a Dittersdorf, Karl Ditters von,
|d 1739-1799
|7 jn19990001798
|4 cmp
|
| 700 |
1 |
|
|a Monn, Georg Matthias,
|d 1717-1750
|7 jn20000604064
|4 cmp
|
| 700 |
1 |
|
|a Salieri, Antonio,
|d 1750-1825
|7 jo2002158546
|4 cmp
|
| 700 |
1 |
|
|a Starzer, Josef,
|d 1726-1787
|7 kup20010000094573
|4 cmp
|
| 700 |
1 |
|
|a Vaňhal, Jan Křtitel,
|d 1739-1813
|7 jn19990209964
|4 cmp
|
| 700 |
1 |
|
|a Wagenseil, Georg Christoph,
|d 1715-1777
|7 jn20000605474
|4 cmp
|
| 700 |
1 |
|
|a Zimmermann, Anton,
|d 1741-1781
|7 jn19990009430
|4 cmp
|
| 700 |
1 |
|
|a Demenga, Thomas,
|d 1954-
|7 mzk2009512475
|4 prf
|
| 700 |
1 |
|
|a Füri, Thomas,
|d 1947-
|7 xx0168727
|4 cnd
|4 prf
|
| 700 |
1 |
|
|a Holliger, Heinz,
|d 1939-
|7 xx0035329
|4 prf
|
| 700 |
1 |
|
|a Albrechtsberger, Johann Georg,
|d 1736-1809
|7 jn20000600097
|4 cmp
|
| 710 |
2 |
|
|a Camerata Bern
|7 kn20030215072
|4 prf
|
| 830 |
|
0 |
|a Deutsche Grammophon
|
| 910 |
|
|
|a BOA001
|b CD-0002.510
|
| 964 |
|
|
|a Orchestr komorní
|z stol.19.
|x CD
|
| 964 |
|
|
|a Hoboj a orchestr
|x koncerty
|x CD
|
| 964 |
|
|
|a Orchestr komorní
|z stol.18.
|x CD
|
| 990 |
|
|
|a AV
|
| 996 |
6 |
|
|b 261H002537
|c CD-0002.510
|l MZK
|r Sklad / do 24 hodin
|n 0
|w 000292966
|u 000010
|a 1
|e BOA001
|j MZK50
|s P
|